000 01119nam a22002537a 4500
999 _c64695
_d64695
005 20240530110745.0
008 181125s2017 ua dhk g b 000 0 ara d
040 _aEG-CaGPL
_cEG-CaGPL
082 0 4 _221
_a930.14 /
_bح ت
100 0 _aحمدى عباس
245 1 0 _aتحولات العصر الحجرى الحديث وتاثيراتها فى منطقة البحر المتوسط =
_bThe Neolthic Transitions And Their Impact On The Mediterranean Area /
_cحمدى عباس
246 1 1 _aThe Neolthic Transitions And Their Impact On The Mediterranean Area
260 _aالاسكندرية :
_bدار المعرفة الجامعية ،
_c2017.
300 _a201 ص. :
_bايض ؛
_c24 سم.
504 _aيشتمل على ارجاعات ببليوجرافية
650 0 7 _2qrmak
_aالعصر الحجرى
650 0 7 _2qrmak
_aالاثار
650 0 7 _2qrmak
_aالعصور الجيولوجية
650 0 7 _2qrmak
_aالعصر الحجرى
_xالمناخ
650 0 7 _2qrmak
_aالعصر الحجرى
_xجغرافيا
651 _2qrmak
942 _2ddc
_cBK